000 00275nam a2200109Ia 4500
008 220204s9999 xx 000 0 und d
082 _a336.74
_bEIN
100 _aEINZIG, Paul
245 0 _aTextbook on monetary policy
260 _aGreat Britain
_bMacmillan
_c1974
942 _cBK
999 _c23964
_d23964